| 000 | 01075cam a2200325 i 4500 | ||
|---|---|---|---|
| 008 | |||
| 020 | _a9780323286626 (paperback) | ||
| 040 |
_aNUST _cNUST |
||
| 049 | _aMAIN | ||
| 090 | 0 | 0 |
_aRD82.3 _bHALL |
| 100 | 1 |
_aHall, Brian A., _eauthor. |
|
| 245 | 1 | 0 |
_aAnesthesia : _ba comprehensive review / _cBrian A. Hall, Robert C. Chantigian. |
| 250 | _aFifth edition. | ||
| 264 | 1 |
_aPhiladelphia, PA : _bElsevier Saunders, _c[2015] |
|
| 300 |
_axv, 302 pages : _billustrations ; _c28 cm. |
||
| 336 |
_atext _2rdacontent |
||
| 337 |
_aunmediated _2rdamedia |
||
| 338 |
_avolume _2rdacarrier |
||
| 504 | _aIncludes bibliographical references | ||
| 500 | _aIncludes index | ||
| 650 | 0 |
_aAnesthesiology _vExaminations, questions, etc. |
|
| 650 | 1 | 2 | _aAnesthesia |
| 655 | 2 | _aExamination Questions. | |
| 700 | 1 |
_aChantigian, Robert C., _eauthor. |
|
| 710 | 2 | _aMayo Foundation for Medical Education and Research. | |
| 907 |
_a.b10415142 _b04-03-22 _c03-03-22 |
||
| 003 | |||
| 005 | 20230120204344.0 | ||
| 942 |
_cBOOKS _kRD82.3 _mHALL |
||
| 999 |
_c121780 _d121780 |
||